| 000 | 00473nam a2200181Ia 4500 | ||
|---|---|---|---|
| 001 | 19613 | ||
| 005 | 20260306172706.0 | ||
| 008 | 260306t2018||||xx |||||||||||||| ||spa|| | ||
| 041 | _aESP | ||
| 082 |
_a340.7 _bC75 Nº 37 |
||
| 100 |
_aRobles Moreno, Carmen del Pilar _eAUT |
||
| 245 | 0 | _aLa Sunat y los procedimientos administrativos tributarios | |
| 260 | _c2018 | ||
| 300 |
_a186 páginas : _c20 cm. |
||
| 650 | _aGEN | ||
| 654 | _aCDE | ||
| 942 |
_cLIB _dJUS _fJUS _2ddc _n |
||
| 999 |
_c19613 _d19613 |
||